<?xml version="1.0" encoding="UTF-8"?><record xmlns="http://www.loc.gov/MARC21/slim" xmlns:zs="http://docs.oasis-open.org/ns/search-ws/sruResponse">
  <leader>00916cz  a2200229n  4500</leader>
  <controlfield tag="001">n  90619059 </controlfield>
  <controlfield tag="003">DLC</controlfield>
  <controlfield tag="005">20190702073130.0</controlfield>
  <controlfield tag="008">900309n| azannaabn          |a aaa      </controlfield>
  <datafield ind1=" " ind2=" " tag="010">
    <subfield code="a">n  90619059 </subfield>
  </datafield>
  <datafield ind1=" " ind2=" " tag="035">
    <subfield code="a">(OCoLC)oca02700668</subfield>
  </datafield>
  <datafield ind1=" " ind2=" " tag="040">
    <subfield code="a">DLC</subfield>
    <subfield code="b">eng</subfield>
    <subfield code="e">rda</subfield>
    <subfield code="c">DLC</subfield>
    <subfield code="d">DLC</subfield>
    <subfield code="d">UPB</subfield>
  </datafield>
  <datafield ind1=" " ind2=" " tag="046">
    <subfield code="f">1936-04-22</subfield>
    <subfield code="2">edtf</subfield>
  </datafield>
  <datafield ind1="1" ind2=" " tag="100">
    <subfield code="a">Kronzucker, Dieter,</subfield>
    <subfield code="d">1936-</subfield>
  </datafield>
  <datafield ind1=" " ind2=" " tag="370">
    <subfield code="a">Munich (Germany)</subfield>
    <subfield code="2">naf</subfield>
  </datafield>
  <datafield ind1=" " ind2=" " tag="374">
    <subfield code="a">Journalists</subfield>
    <subfield code="a">Authors</subfield>
    <subfield code="a">Television producers and directors</subfield>
    <subfield code="a">College teachers</subfield>
    <subfield code="2">lcsh</subfield>
  </datafield>
  <datafield ind1=" " ind2=" " tag="375">
    <subfield code="a">Males</subfield>
    <subfield code="2">lcdgt</subfield>
  </datafield>
  <datafield ind1=" " ind2=" " tag="377">
    <subfield code="a">ger</subfield>
  </datafield>
  <datafield ind1=" " ind2=" " tag="378">
    <subfield code="q">Hans-Dieter</subfield>
  </datafield>
  <datafield ind1="1" ind2=" " tag="400">
    <subfield code="a">Kronzucker, Hans-Dieter,</subfield>
    <subfield code="d">1936-</subfield>
  </datafield>
  <datafield ind1=" " ind2=" " tag="670">
    <subfield code="a">Das amerikanische Jahrhundert, c1989:</subfield>
    <subfield code="b">t.p. (Dieter Kronzucker) jkt. (b. 1936; television news correspondent and producer for ZDF)</subfield>
  </datafield>
  <datafield ind1=" " ind2=" " tag="670">
    <subfield code="a">Wikipedia, German, July 1, 2019</subfield>
    <subfield code="b">(Hans-Dieter Kronzucker; born April 22, 1936 in Munich; German journalist, television presenter, author, and college teacher)</subfield>
  </datafield>
</record>
